Polynesian Cultural Center - Statistics

General Stats
  • This quiz has been taken 5 times
  • The average score is 4 of 6
Answer Stats
Answer % Correct
Hawaii
80%
Samoa
80%
Tonga
80%
Fiji
60%
Tahiti
60%
Aoteroa
20%
No matching quizzes found
Score Distribution
Percent of People with Each Score
Percentile by Number Answered
Your Score History
You have not taken this quiz